01028nam a2200241Ia 4500001000600000003000900006008004100015040001300056040001300069041001300082100002300095100002900118245002600147245006900173250001100242260000900253260002500262260004900287300005900336500032600395650003400721650003100755F6001IT-RoPAU130308s9999 xx 000 0 und d aIT-RoPAU cIT-RoPAU aITALIANO aGrandi M. Giovanna gCodice Aut. SPICS: 51893 aFormazione umana (La) bAtti del Convegno delle Maestre di Formazione (8-17 Luglio 1967) a1a ed. aROMA bEdizioni Paoline Fsp c1967 [1° Ed.:1967 - Ed.Ling.Originale:1967] a"33 p. (prefazione: no ; testo: 33 [pagine: 113-145])" aFine della Formazione. Sviluppo della Personalità Umana. Meta della Formazione. Maturità Umana. Unitarietà della Formazione Umana. programmi e Metodi. Elementi Essenziali per una Formazione Tipicamente Umana. soggetti Delrapporto Educativo. sintesi delle relazioni dei Gruppi. Puntualizzazioni in Sessione Plenaria. aAUTORI/OPERE FAMIGLIA PAOLINA eCodice materia Spics: 9903